01480nam a2200445 i 450000100060000000300090000600500170001500800390003201500180007102000150008903500210010404000280012504100080015308000080016108000120016908000100018110000310019124501440022224600360036624600430040226000620044530000320050733600270053933700540056633800280062038000160064838000230066438000280068738800140071538800140072965800260074365800210076965000140079065000170080465500290082165500290085065000130087971000440089285600980093638136KOSZ 00520230215120750.0000731s2000 pl d |000 0 pol aPB 2000/14341 a8390606569 a(OCoLC)830289320 aWA NcWA NdKOSZ 005/HR0 amul a656 a003.083 a(038)1 aWitkowski, Andrzej.eAutor10aSłownik skrótów transportowych =bAbkürzungsbuch für Verkehr = Dictionary of transport abbreviations : [A-Z] /cAndrzej Witkowski.31aAbkürzungsbuch für Verkehr.31aDictionary of transport abbreviations. aWarszawa :bPolskie Wydawnictwo Transportowe,ccop. 2000. aVIII, 217, [3] s. ;c21 cm. 2rdacontentaTekstbtxt 2rdamediaaBez urządzenia pośredniczącegobn 2rdacarrieraWoluminbnc aKsiążki aPublikacje fachowe aPublikacje informacyjne a1901-2000 a1989-2000 aTransport i logistyka aJęzykoznawstwo 4aTransport 4aTerminologia 4aSłownik terminologiczny 4aSłownik wielojęzyczny 4aSkróty2 aPolskie Wydawnictwo Transportowe.4pbl. uhttp://koha.tu.koszalin.pl/cgi-bin/koha/opac-detail.pl?biblionumber=38136yKatalog online BPK